Public health laboratories : analysis, operations, and management /
Saved in:
| Main Author: | |
|---|---|
| Format: | Book |
| Language: | English |
| Published: |
Sudbury, Mass. :
Jones and Bartlett,
c2011.
|
| Subjects: | |
| Tags: |
Add Tag
No Tags, Be the first to tag this record!
|
| LEADER | 01863cam a22003734a 4500 | ||
|---|---|---|---|
| 001 | 15957222 | ||
| 005 | 20220906184644.0 | ||
| 008 | 091021s2011 mauab b 001 0 eng | ||
| 010 | |a 2009044577 | ||
| 016 | 7 | |a 101517866 |2 DNLM | |
| 020 | |a 9780763771027 (pbk.) | ||
| 020 | |a 0763771023 | ||
| 035 | |a (OCoLC)ocn461255984 | ||
| 040 | |a DNLM/DLC |c DLC |d NLM |d YDXCP |d C#P |d BWX |d DLC | ||
| 042 | |a pcc | ||
| 043 | |a n-us--- | ||
| 060 | 0 | 0 | |a 2010 E-832 |
| 060 | 1 | 0 | |a WA 23 |b J52p 2011 |
| 100 | 1 | |a Jenkins, Wiley D. |9 2977 | |
| 245 | 1 | 0 | |a Public health laboratories : |b analysis, operations, and management / |c Wiley D. Jenkins. |
| 260 | |a Sudbury, Mass. : |b Jones and Bartlett, |c c2011. | ||
| 300 | |a xxiv, 285 p. : |b ill., maps ; |c 28 cm. | ||
| 504 | |a Includes bibliographical references and index. | ||
| 505 | 0 | |a An introduction to public health laboratories -- The basics of microbial analyses -- The basics of chemical analyses -- The basics of radiological analyses -- Clinical testing -- Water testing -- Food testing -- Air testing -- Terrorism preparedness and response -- Operations and management -- Laboratory data : uses and communication -- Links between laboratory work and other public health disciplines. | |
| 650 | 0 | |a Public health laboratories. |9 2978 | |
| 650 | 1 | 2 | |a Laboratories |x organization & administration |z United States. |9 2979 |
| 650 | 1 | 2 | |a Public Health Administration |z United States. |9 2980 |
| 650 | 2 | 2 | |a Laboratory Techniques and Procedures |z United States. |9 2981 |
| 650 | 2 | 2 | |a Public Health Practice |z United States. |9 2982 |
| 906 | |a 7 |b cbc |c orignew |d 1 |e ecip |f 20 |g y-gencatlg | ||
| 942 | |2 NLM |c BK | ||
| 952 | |0 0 |1 0 |2 NLM |4 0 |6 WA_23_000000000000000_JEN_2011 |7 0 |9 2208 |a NHRC |b NHRC |d 2015-04-05 |l 0 |o WA 23/JEN/2011 |p 001882 |r 2015-04-05 |w 2015-04-05 |y BK | ||
| 955 | |a xh00 2009-11-12 |a xe05 2010-07-26 1 copy rec'd., to CIP ver. | ||
| 999 | |c 2131 |d 2131 | ||